| 000 | 00381nam a2200145Ia 4500 | ||
|---|---|---|---|
| 008 | 231129s1986||||xx |||||||||||||| ||spa|| | ||
| 020 | _a84-7561-199-0 | ||
| 040 | _bspa | ||
| 082 | _aU813 T969o | ||
| 100 | _aTwain Mark | ||
| 245 | 0 | _aTom Sawyer detective | |
| 260 | _c1986 | ||
| 264 | _aEdiciones Dalman Socias-Editors | ||
| 942 |
_2ddc _cBKS |
||
| 999 |
_c25496 _d25496 |
||